El Agotamiento de la política, los parlamentos y las nuevas lógicas de los medios /

সংরক্ষণ করুন:
গ্রন্থ-পঞ্জীর বিবরন
প্রধান লেখক: Urcuyo Fournier, Constantino
বিন্যাস: পাঠ‍্য
বিষয়গুলি:
ট্যাগগুলো: ট্যাগ যুক্ত করুন
কোনো ট্যাগ নেই, প্রথমজন হিসাবে ট্যাগ করুন!

MARC

LEADER 00000 a a2200000 04500
001 17203
003
040
100 |a Urcuyo Fournier, Constantino  
245 |a El Agotamiento de la política, los parlamentos y las nuevas lógicas de los medios /  |c Constantino Urcuyo Fournier 
650 |a TEORIA POLITICA  
650 |a SISTEMAS POLITICOS  
650 |a CRISIS POLITICA  
650 |a MEDIOS DE COMUNICACION  
773 |g volumen 9, número 2; páginas 305-342  
999 |c 28462  |d 28462